000 00749nam a2200205Ia 4500
999 _c39549
_d39549
001 6148
003 GE_BSU
005 20191122101835.0
008 181216s1988||||g |||||||||||||| ||geo||
040 _cGE_BSU
041 _ageo
080 _a821.353.1-1 გ-14
100 _aგაგუა, ხუტა.
_95513
245 _aლირიკა :
_bლექსები /
_cხუტა გაგუა ; რედ. თ. დაუშვილი.
264 _aთბილისი :
_bსაბჭოთა საქართველო,
_c1988.
300 _a382 გვ. :
_bფოტო ;
_c20 სმ.
653 _aლექსები
700 _aდაუშვილი, თ.
_eრედაქტორი
_95376
942 _cBK
_2udc